00779nam a2200181 a 450000100100000000500170001000800410002702000150006804000250008310000240010824501000013224600820023226000720031430000280038671000610041495201050047599900170058000003733920200930080312.0120328s1987 sp 000 0 spa d a8400067096 aDO-SdBNPbspacBNPHU1 aMurcia, Juan96380710aFundamentos para el análisis de estructuras de hormigón armado y pretensado /cJuan Murcia.14aEstructuras de hormigón armado y pretensadobFundamentos para el análisis aMadrid :bConsejo Superior de Investigaciones Científicas,c1987. a301 p. :bil. ;c24 cm.2 aConsejo Superior de Investigaciones Científicas,94786 001050718MOaGRbGRcCTd2012-03-28iLF1l0o p37339-10r2020-06-25w2020-06-25y1ZNo se presta c36829d36829